00260nam a22000857a 4500082001800000100001900018245009500037260003400132300000800166 a629.224 TRA'V aVAUXHALL MOTOR aTRANSMISSION TRANSFER BOX PROPELLER SHAFTS REAR AXLE BEDFORD M-4X4 SERVICE TRAINING MANUAL aENGLANDbVAXUHALL MOTORc1970 a56P